[Event "Voronezh op-B 18th"]
[Site "Voronezh"]
[Date "2014.06.15"]
[Round "4"]
[White "Mokshin, Maksim"]
[Black "Okun, Evgeny"]
[Result "1-0"]
[WhiteElo "2006"]
[BlackElo "2135"]
[PlyCount "113"]
[EventDate "2014.06.12"]
[EventType "swiss"]
[EventRounds "9"]
[EventCountry "RUS"]
[SourceTitle "EXT 2015"]
[Source "ChessBase"]
[SourceDate "2014.11.20"]
[SourceVersion "1"]
[SourceVersionDate "2014.11.20"]
[SourceQuality "1"]

1. e4 c5 2. Nf3 Nc6 3. d4 cxd4 4. Nxd4 Nf6 5. Nxc6 bxc6 6. Bd3 g6 7. c4 Bg7 8. Nc3 0-0 9. 0-0 d6 10. h3 Rb8 11. Rb1 Nd7 12. Qc2 Nc5 13. Be3 Qa5 14. Bd2 Ne6 15. b4 Qh5 16. Ne2 c5 17. b5 Nd4 18. Nxd4 cxd4 19. Rfc1 Be6 20. Qa4 Rbc8 21. Qxa7 Bxh3 22. gxh3 Qxh3 23. Bf1 Qh4 24. Bg2 Ra8 25. Qd7 f5 26. Qe6+ Kh8 27. e5 Rxa2 28. Rd1 Bxe5 29. b6 d3 30. Qd5 Bd4 31. Qf3 e5 32. b7 Ba7 33. Ra1 Qxc4 34. Rxa2 Qxa2 35. Qxd3 Qa4 36. Bc3 Qf4 37. Rd2 Bb8 38. Qb5 Kg8 39. Qd7 Qg4 40. Ba5 Qg5 41. Rc2 f4 42. Kf1 f3 43. Bh3 Rf7 44. Qe8+ Rf8 45. Qe6+ Kg7 46. Rc8 Rf7 47. Rxb8 Qc1+ 48. Be1 Qd1 49. Qc4 d5 50. Rg8+ Kxg8 51. b8Q+ Rf8 52. Be6+ Kg7 53. Qxe5+ Rf6 54. Bxd5 h5 55. Qe7+ Kh6 56. Qxf6 Qb1 57. Qcf4+ 1-0

[Event "Voronezh Rating op 03-A"]
[Site "Voronezh"]
[Date "2014.03.03"]
[Round "3"]
[White "Grishchenko, Vladimir"]
[Black "Mokshin, Maksim"]
[Result "0-1"]
[WhiteElo "1994"]
[BlackElo "1972"]
[PlyCount "72"]
[EventDate "2014.03.01"]
[EventType "swiss"]
[EventRounds "9"]
[EventCountry "RUS"]
[SourceTitle "EXT 2015"]
[Source "ChessBase"]
[SourceDate "2014.11.20"]
[SourceVersion "1"]
[SourceVersionDate "2014.11.20"]
[SourceQuality "1"]

1. e4 c5 2. d3 d6 3. g3 Nc6 4. Bg2 g6 5. Nf3 Bg7 6. 0-0 e6 7. c3 Nge7 8. Nbd2 0-0 9. h4 e5 10. a4 h6 11. h5 g5 12. Nh2 Kh7 13. g4 Be6 14. Re1 Qc8 15. a5 Qc7 16. a6 b5 17. Nhf1 Rab8 18. Ne3 Qc8 19. Nf5 Bxf5 20. exf5 f6 21. Ne4 Qc7 22. Be3 Rfc8 23. Qb3 c4 24. Qd1 Rd8 25. dxc4 bxc4 26. Qc2 Rb5 27. Bxg5 hxg5 28. h6 Bh8 29. Nxg5+ fxg5 30. f6+ Ng6 31. Qf5 Rf8 32. Qxg5 Bxf6 33. Qh5 Nce7 34. Be4 d5 35. Bf5 Nxf5 36. Qxf5 Bh4 0-1

[Event "Voronezh Rating op 03-A"]
[Site "Voronezh"]
[Date "2014.03.02"]
[Round "2"]
[White "Mokshin, Maksim"]
[Black "Gasparian, Haik"]
[Result "1/2-1/2"]
[WhiteElo "1972"]
[BlackElo "2068"]
[PlyCount "66"]
[EventDate "2014.03.01"]
[EventType "swiss"]
[EventRounds "9"]
[EventCountry "RUS"]
[SourceTitle "EXT 2015"]
[Source "ChessBase"]
[SourceDate "2014.11.20"]
[SourceVersion "1"]
[SourceVersionDate "2014.11.20"]
[SourceQuality "1"]

1. e4 e5 2. Nf3 Nc6 3. Bb5 a6 4. Ba4 Nf6 5. d3 d6 6. c3 g6 7. 0-0 Bg7 8. Re1 0-0 9. h3 Qe7 10. Nbd2 Nd8 11. d4 Nh5 12. d5 Bh6 13. Nf1 Bxc1 14. Rxc1 Nf4 15. Qd2 Qf6 16. Bd1 Qg7 17. Ng3 Bd7 18. Ne2 Nxe2+ 19. Bxe2 f5 20. Bd1 f4 21. Nh2 h5 22. c4 b6 23. b4 Nb7 24. a3 Qe7 25. Be2 Kg7 26. Ra1 Rh8 27. Rec1 g5 28. f3 Kf6 29. Qd1 Rhg8 30. Ra2 Ra7 31. Rca1 Rga8 32. Qc2 Be8 33. Nf1 Qd7 1/2-1/2

[Event "Voronezh op-B 17th"]
[Site "Voronezh"]
[Date "2013.06.20"]
[Round "9"]
[White "Mokshin, Maksim"]
[Black "Klimentov, Evgeny"]
[Result "1-0"]
[WhiteElo "1972"]
[BlackElo "2006"]
[PlyCount "91"]
[EventDate "2013.06.12"]
[EventType "swiss"]
[EventRounds "9"]
[EventCountry "RUS"]
[SourceTitle "EXT 2014"]
[Source "ChessBase"]
[SourceDate "2013.11.20"]
[SourceVersion "1"]
[SourceVersionDate "2013.11.20"]
[SourceQuality "1"]

1. e4 c5 2. Nf3 e6 3. d4 cxd4 4. Nxd4 Nf6 5. Bd3 Nc6 6. Nxc6 bxc6 7. e5 Qa5+ 8. Nc3 Qxe5+ 9. Ne2 Bc5 10. 0-0 0-0 11. c3 Qc7 12. Bf4 e5 13. Bg5 Be7 14. f4 Bc5+ 15. Kh1 Ng4 16. Qe1 d6 17. fxe5 dxe5 18. Qg3 Be7 19. Qh4 e4 20. Bxe4 f5 21. Bxe7 Re8 22. Bxf5 Bxf5 23. Rxf5 Nh6 24. Rc5 Rxe7 25. Nd4 Rae8 26. Rf1 Re4 27. Qg3 Qf7 28. Kg1 Qxa2 29. Rxc6 Re3 30. Qf4 Re1 31. b3 Rxf1+ 32. Qxf1 Rf8 33. Qe1 Ng4 34. h3 Nh6 35. Rc7 Qa3 36. Qe5 Qc1+ 37. Kh2 Nf7 38. Qg3 Qh6 39. Rxa7 Ng5 40. Re7 Kh8 41. b4 Qf6 42. Qe5 Qg6 43. b5 h6 44. b6 Rf2 45. Qg3 Rf8 46. b7 1-0

[Event "Voronezh op-B 17th"]
[Site "Voronezh"]
[Date "2013.06.12"]
[Round "1"]
[White "Mokshin, Maksim"]
[Black "Shcherbakov, Nikolay"]
[Result "1-0"]
[WhiteElo "1972"]
[BlackElo "1824"]
[PlyCount "91"]
[EventDate "2013.06.12"]
[EventType "swiss"]
[EventRounds "9"]
[EventCountry "RUS"]
[SourceTitle "EXT 2014"]
[Source "ChessBase"]
[SourceDate "2013.11.20"]
[SourceVersion "1"]
[SourceVersionDate "2013.11.20"]
[SourceQuality "1"]

1. e4 c6 2. d4 d5 3. Nc3 dxe4 4. Nxe4 Nf6 5. Ng3 Qc7 6. Nf3 e6 7. Bd3 Nbd7 8. 0-0 Bd6 9. Qe2 0-0 10. Re1 c5 11. c4 b6 12. Ne4 Bb7 13. Nxd6 Qxd6 14. dxc5 Nxc5 15. Bc2 h6 16. b3 Ng4 17. h3 Nf6 18. Bb2 Qf4 19. Ne5 Rad8 20. Rad1 Qg5 21. g3 Qh5 22. Qxh5 Nxh5 23. b4 Na6 24. a3 Nf6 25. f3 Nb8 26. Ba4 Nh7 27. Kf2 Nf6 28. h4 Bc8 29. g4 Nfd7 30. Kg3 Nxe5 31. Bxe5 Bd7 32. b5 Na6 33. Bd6 Rfe8 34. Bc2 Nc5 35. Bxc5 bxc5 36. Re5 Bc8 37. Rxc5 Rxd1 38. Bxd1 Bb7 39. Rc7 Rb8 40. a4 a6 41. Be2 Kf8 42. a5 axb5 43. cxb5 Bd5 44. a6 e5 45. a7 Ra8 46. b6 1-0

[Event "Voronezh-ch"]
[Site "Voronezh"]
[Date "2012.10.21"]
[Round "3"]
[White "Ioffe, Evgeny"]
[Black "Mokshin, Maksim"]
[Result "1/2-1/2"]
[WhiteElo "2056"]
[BlackElo "1948"]
[PlyCount "136"]
[EventDate "2012.10.19"]
[EventType "swiss"]
[EventRounds "9"]
[EventCountry "RUS"]
[SourceTitle "EXT 2013"]
[Source "ChessBase"]
[SourceDate "2012.11.22"]
[SourceVersion "1"]
[SourceVersionDate "2012.11.22"]
[SourceQuality "1"]

1. e4 c5 2. c3 Nf6 3. e5 Nd5 4. d4 cxd4 5. cxd4 d6 6. Nf3 Bf5 7. Bc4 Nb6 8. Bb5+ N8d7 9. Nc3 a6 10. Bd3 Bxd3 11. Qxd3 dxe5 12. dxe5 Nc5 13. Qxd8+ Rxd8 14. Be3 e6 15. Ke2 Nba4 16. Nxa4 Nxa4 17. Rhd1 Bc5 18. Rxd8+ Kxd8 19. Ng5 Ke7 20. Bxc5+ Nxc5 21. Rc1 b6 22. b4 Nd7 23. Rc7 f6 24. Ne4 Ra8 25. exf6+ gxf6 26. Nxf6 Kxf6 27. Rxd7 h6 28. Rh7 Kg6 29. Rb7 b5 30. Rb6 Kf6 31. Ke3 Ke5 32. f4+ Kf5 33. h3 h5 34. g3 Rc8 35. g4+ hxg4 36. hxg4+ Kxg4 37. Rxa6 Rc4 38. a3 Kf5 39. Ra5 Re4+ 40. Kd2 Rd4+ 41. Kc3 Rd5 42. Ra6 e5 43. fxe5 Kxe5 44. Rc6 Ke4 45. Re6+ Kf5 46. Re2 Kf4 47. Rd2 Rg5 48. Kd4 Kf3 49. Rc2 Rg4+ 50. Kc5 Rg5+ 51. Kb6 Ke4 52. Rd2 Ke3 53. Rd8 Ke4 54. Rc8 Kd4 55. Rc5 Rg3 56. Kxb5 Rxa3 57. Rc1 Ra8 58. Rc6 Kd5 59. Rc1 Rb8+ 60. Ka4 Ra8+ 61. Kb3 Rb8 62. Rc5+ Kd6 63. Kc4 Rh8 64. Kb5 Rb8+ 65. Ka4 Ra8+ 66. Kb3 Rh8 67. Rc2 Rb8 68. Rc4 Kd5 1/2-1/2

[Event "Voronezh-ch"]
[Site "Voronezh"]
[Date "2012.10.19"]
[Round "1"]
[White "Provotorov, Ivan"]
[Black "Mokshin, Maksim"]
[Result "1-0"]
[WhiteElo "2369"]
[BlackElo "1948"]
[PlyCount "95"]
[EventDate "2012.10.19"]
[EventType "swiss"]
[EventRounds "9"]
[EventCountry "RUS"]
[SourceTitle "EXT 2013"]
[Source "ChessBase"]
[SourceDate "2012.11.22"]
[SourceVersion "1"]
[SourceVersionDate "2012.11.22"]
[SourceQuality "1"]

1. e4 c5 2. c3 Nf6 3. e5 Nd5 4. d4 cxd4 5. Nf3 e6 6. cxd4 d6 7. a3 Nc6 8. Bd3 Qc7 9. 0-0 Be7 10. Qe2 0-0 11. Rd1 Bd7 12. Bd2 Rac8 13. Nc3 Nxc3 14. Bxc3 d5 15. h4 f5 16. exf6 Bxf6 17. g3 Rce8 18. Rac1 Qb6 19. Qc2 h6 20. Bh7+ Kh8 21. Bg6 Rc8 22. Qe2 Be8 23. Bb1 Bf7 24. Kg2 Bh5 25. Qd3 g6 26. Nh2 e5 27. f3 exd4 28. Be1 Ne5 29. Qd2 Nxf3 30. Qxh6+ Kg8 31. Rxc8 Rxc8 32. Bxg6 Bxg6 33. Qxg6+ Bg7 34. Qf5 Nxe1+ 35. Rxe1 Qxb2+ 36. Kh3 Rf8 37. Qxd5+ Kh8 38. Ng4 Qc3 39. Re8 Rxe8 40. Qh5+ Kg8 41. Qxe8+ Kh7 42. Qe4+ Kg8 43. Qxb7 d3 44. Qd5+ Kh8 45. Nf2 d2 46. Ne4 Qf3 47. Qd8+ Kh7 48. Nxd2 1-0

[Event "RUS-ch U12"]
[Site "Dagomys"]
[Date "2009.04.??"]
[Round "4"]
[White "Rudakov, Aleksander"]
[Black "Mokshin, Maksim"]
[Result "1-0"]
[WhiteElo "1945"]
[BlackElo "1902"]
[PlyCount "93"]
[EventDate "2009.04.15"]
[EventType "swiss"]
[EventRounds "9"]
[EventCountry "RUS"]
[SourceTitle "EXT 2012"]
[Source "ChessBase"]
[SourceDate "2011.11.24"]
[SourceVersion "1"]
[SourceVersionDate "2011.11.24"]
[SourceQuality "1"]

1. e4 c5 2. Nf3 d6 3. d4 cxd4 4. Nxd4 Nf6 5. Nc3 g6 6. f4 Nc6 7. Nxc6 bxc6 8. e5 dxe5 9. Qxd8+ Kxd8 10. fxe5 Ng4 11. Bf4 Be6 12. h3 g5 13. 0-0-0+ Kc7 14. Bg3 Ne3 15. Re1 Nf5 16. Bh2 Nh4 17. Re4 Ng6 18. Bd3 Nf4 19. Bxf4 gxf4 20. Kb1 Bh6 21. Ra4 a5 22. b3 Rhg8 23. Be4 Bg7 24. Bxh7 Rh8 25. Be4 Bxe5 26. Ne2 Rh4 27. Bf3 Kb6 28. g3 Rxh3 29. Rxh3 Bxh3 30. gxf4 Bf6 31. Rc4 Bd7 32. Nc3 Rg8 33. Kc1 Bxc3 34. Rxc3 Rg3 35. Kd2 c5 36. Bd5 Rg7 37. Re3 e6 38. Be4 Rg4 39. Rf3 e5 40. Bd5 f5 41. fxe5 Rd4+ 42. Rd3 Rxd3+ 43. Kxd3 Bc6 44. Bxc6 Kxc6 45. Ke3 Kd5 46. Kf4 Ke6 47. c4 1-0